| 000 | 01102nam a2200265Ia 4500 | ||
|---|---|---|---|
| 003 | OSt | ||
| 005 | 20221005103429.0 | ||
| 006 | a|||||r|||| 00| 0 | ||
| 007 | ta | ||
| 008 | 221004b |||||||| |||| 00| 0 san d | ||
| 020 |
_a9789383099153 (hbk) _cINR 995.00 |
||
| 024 | _a29631 | ||
| 037 |
_b286, 07/03/2017, Eastern Book Linkers _cTextual |
||
| 040 |
_aCRL _cCRL _bsan |
||
| 041 |
_2san _asan |
||
| 082 | _aR65,6:g(Delta25), 152Q6 | ||
| 100 |
_aपंड्या, नीना वीरेन्द्रभाई, ले. _9623672 |
||
| 245 | 0 | _aश्रीमद्भागवत पुराण में भक्ति तत्व | |
| 246 | _aShrīmadbhāgavat purāṇ mean bhakti tatva | ||
| 260 |
_aजयपुर _bपैराडाइज पब्लिशर्स भारत _c2016 |
||
| 300 |
_a104पृ0 _ccm. |
||
| 650 | _aपुराण | ||
| 942 |
_hR65,6:g(Delta25), 152Q6 _cTEXL _2cc |
||
| 999 |
_c1010074 _d1010074 |
||